The new MININEC (version 3) : Initial concept of employment (Record no. 69601)

000 -LEADER
fixed length control field 00434nam a22001577a 4500
003 - CONTROL NUMBER IDENTIFIER
control field NUST - PNEC
005 - DATE AND TIME OF LATEST TRANSACTION
control field 20170116181122.0
008 - FIXED-LENGTH DATA ELEMENTS--GENERAL INFORMATION
fixed length control field 151005b xxu||||| |||| 00| 0 eng d
040 ## - CATALOGING SOURCE
Transcribing agency LIBRARY
082 ## - DEWEY DECIMAL CLASSIFICATION NUMBER
Classification number 621.3 LOG
100 ## - MAIN ENTRY--PERSONAL NAME
9 (RLIN) 8006
Personal name Logan, J. C.
245 ## - TITLE STATEMENT
Title The new MININEC (version 3) : Initial concept of employment
Statement of responsibility, etc. Logan, J. C.
260 ## - PUBLICATION, DISTRIBUTION, ETC.
Date of publication, distribution, etc. 1986
650 ## - SUBJECT ADDED ENTRY--TOPICAL TERM
9 (RLIN) 5527
Topical term or geographic name entry element Electrical Engineering
General subdivision EL, EE
942 ## - ADDED ENTRY ELEMENTS (KOHA)
Source of classification or shelving scheme
Koha item type Book
Holdings
Withdrawn status Lost status Source of classification or shelving scheme Damaged status Not for loan Permanent Location Current Location Shelving location Date acquired Total Checkouts Full call number Barcode Date last seen Price effective from Koha item type
          Pakistan Navy Engineering College (PNEC) Pakistan Navy Engineering College (PNEC)       621.3 LOG PNECLIB-012764 10/05/2015   Book
© 2023 Central Library, National University of Sciences and Technology. All Rights Reserved.